Kreisfreie Städte Deutschlands, die mit 't' enden - Statistiken

Allgemein
  • Dieses Quiz wurde 23 mal gespielt
  • Das Durchschnittsergebnis liegt bei 3 aus 9
Antwortstatistiken
Kreisfreie Stadt % Korrekt
Frankfurt am Main
69%
Frankfurt (Oder)
69%
Darmstadt
56%
Erfurt
44%
Ingolstadt
38%
Schweinfurt
25%
Neustadt an der Weinstraße
13%
Landshut
6%
Delmenhorst
0%
Keine übereinstimmenden Quizze gefunden
Verteilung der Resultate
Anzahl Personen mit jedem Resultat
Perzentil nach korrekt beantworteten Fragen
Ihre Resultats-Entwicklung
Sie haben dieses Quiz noch nicht gespielt